000 00368nam a2200133Ia 4500
008 151001s9999||||xx |||||||||||||| ||und||
100 _aदुर्गा - भागवत
245 _aदख्खनच्या लोककथा
250 _a1
260 _bचित्रशाळा प्रकाशन
260 _c1957
300 _a85
365 _b8
999 _c951857
_d951854